000
00289nam a22001337a 4500
008
170721b xxu||||| |||| 00| 0 eng d
020
_a
9783411160013
041
_a
eng
080
_a
004
100
_a
28
101
_a
SHKI
245
_a
KORREKTE SOFTWARE
_c
KOWALK, W.P
942
_2
udc
_c
BK
999
_c
21729
_d
21729